[Event "Montigny le Bretonneux-B 14th"]
[Site "Montigny le Bretonneux"]
[Date "2015.10.17"]
[Round "1.2"]
[White "N Zenzo, Kisala"]
[Black "Renoux, Frederic"]
[Result "0-1"]
[WhiteElo "1770"]
[BlackElo "1861"]
[PlyCount "160"]
[EventDate "2015.10.17"]
[EventType "tourn"]
[EventRounds "9"]
[EventCountry "FRA"]
[SourceTitle "EXT 2024"]
[Source "ChessBase"]
[SourceDate "2023.10.10"]
[SourceVersion "1"]
[SourceVersionDate "2023.10.10"]
[SourceQuality "1"]

1. e4 c5 2. Nf3 Nc6 3. c3 d5 4. exd5 Qxd5 5. d4 Nf6 6. Be2 e6 7. 0-0 Be7 8. c4 Qd7 9. Ne5 Qxd4 10. Nxc6 Qxd1 11. Rxd1 bxc6 12. Bf4 Nd7 13. Bf3 Bb7 14. Bc7 Rc8 15. Bd6 Bxd6 16. Rxd6 Ke7 17. Rd1 Ne5 18. Be2 Rhd8 19. Nc3 Rd4 20. b3 Rcd8 21. g3 g5 22. h3 f5 23. Na4 Rxd1+ 24. Bxd1 Nd7 25. Bc2 h5 26. Rd1 Bc8 27. Re1 Kd6 28. Rd1+ Kc7 29. f4 gxf4 30. gxf4 Rg8+ 31. Kf2 h4 32. Rd3 e5 33. fxe5 f4 34. Rd1 Nxe5 35. Nxc5 Bxh3 36. Be4 Rg3 37. Rd4 Re3 38. Bg2 Ng4+ 39. Kf1 Rf3+ 40. Kg1 Rg3 41. Ne6+ Kb6 42. c5+ Ka5 43. Nxf4 Bxg2 44. Nh5 Rc3 45. Rxg4 h3 46. Nf4 Rc1+ 47. Kh2 Rh1+ 48. Kg3 Ra1 49. Nxh3 Rxa2 50. Nf2 Bf1 51. Rd4 Ra3 52. Ne4 Rxb3+ 53. Kf4 Rb4 54. Rd7 a6 55. Ke3 Bg2 56. Nd6 Ka4 57. Rg7 Bd5 58. Rg1 Rb3+ 59. Kd4 Kb4 60. Ra1 a5 61. Nb7 a4 62. Nd6 a3 63. Nf5 Rb2 64. Ne3 Rd2+ 65. Ke5 Bb3 66. Nf1 Rd1 67. Rxa3 Kxa3 68. Ne3 Re1 69. Kf4 Rxe3 70. Kxe3 Kb4 71. Kd4 Bd5 72. Kd3 Kxc5 73. Kc3 Be4 74. Kd2 Kd4 75. Kc1 Kc3 76. Kd1 Kb2 77. Kd2 c5 78. Ke3 Bb1 79. Kd2 c4 80. Kd1 c3 0-1

[Event "Syre Memorial op 32nd"]
[Site "Issy les Moulineaux"]
[Date "2009.05.23"]
[Round "5"]
[White "Ider, Borya"]
[Black "N Zenzo, Kisala"]
[Result "1-0"]
[WhiteElo "2176"]
[BlackElo "1687"]
[PlyCount "45"]
[EventDate "2009.05.21"]
[EventType "swiss"]
[EventRounds "6"]
[EventCountry "FRA"]
[SourceTitle "EXT 2010"]
[Source "ChessBase"]
[SourceDate "2010.11.25"]
[SourceVersion "1"]
[SourceVersionDate "2010.11.25"]
[SourceQuality "1"]

1. d4 Nf6 2. c4 e5 3. dxe5 Ne4 4. Nf3 Nc6 5. Qc2 Nc5 6. a3 d6 7. b4 Ne6 8. Bb2 dxe5 9. e3 Ng5 10. Nxe5 Nxe5 11. Bxe5 Qe7 12. Bb2 a5 13. c5 Bd7 14. Nd2 Ne6 15. Bd3 Nf4 16. Be4 f5 17. Bxb7 Rd8 18. 0-0 Ne2+ 19. Kh1 Bb5 20. Bf3 Qd7 21. Nc4 Bxc4 22. Qxc4 Be7 23. Bxg7 1-0